<?xml version="1.0" encoding="UTF-8"?>
<record
    xmlns:xsi="http://www.w3.org/2001/XMLSchema-instance"
    xsi:schemaLocation="http://www.loc.gov/MARC21/slim http://www.loc.gov/standards/marcxml/schema/MARC21slim.xsd"
    xmlns="http://www.loc.gov/MARC21/slim">

  <leader>01179nam0a22003251  4500</leader>
  <controlfield tag="001">rc\4644265</controlfield>
  <controlfield tag="005">20260405155333.0</controlfield>
  <datafield tag="010" ind1=" " ind2=" ">
    <subfield code="d">16 &#x43A;.</subfield>
    <subfield code="9">10000</subfield>
  </datafield>
  <datafield tag="021" ind1=" " ind2=" ">
    <subfield code="a">RU</subfield>
    <subfield code="b">[68-20309]</subfield>
  </datafield>
  <datafield tag="035" ind1=" " ind2=" ">
    <subfield code="a">(NLR Aleph) 008409953</subfield>
  </datafield>
  <datafield tag="090" ind1=" " ind2=" ">
    <subfield code="a">9290121</subfield>
    <subfield code="c">9290121</subfield>
  </datafield>
  <datafield tag="100" ind1=" " ind2=" ">
    <subfield code="a">20130416d1968    |||y0rusy50      ca</subfield>
  </datafield>
  <datafield tag="101" ind1="1" ind2=" ">
    <subfield code="a">rus</subfield>
    <subfield code="c">est</subfield>
  </datafield>
  <datafield tag="102" ind1=" " ind2=" ">
    <subfield code="a">RU</subfield>
  </datafield>
  <datafield tag="105" ind1=" " ind2=" ">
    <subfield code="a">a   z   |||b|</subfield>
  </datafield>
  <datafield tag="200" ind1="1" ind2=" ">
    <subfield code="a">&#x412;&#x434;&#x43E;&#x432;&#x430; &#x43F;&#x43E;&#x43B;&#x43A;&#x43E;&#x432;&#x43D;&#x438;&#x43A;&#x430;, &#x438;&#x43B;&#x438; &#x412;&#x440;&#x430;&#x447;&#x438; &#x43D;&#x438;&#x447;&#x435;&#x433;&#x43E; &#x43D;&#x435; &#x437;&#x43D;&#x430;&#x44E;&#x442;...</subfield>
    <subfield code="e">&#x441;&#x446;&#x435;&#x43D;&#x44B; &#x438;&#x437; &#x436;&#x438;&#x437;&#x43D;&#x438;, 1965 &#x433;&#x43E;&#x434;</subfield>
    <subfield code="f">&#x42E;&#x445;&#x430;&#x43D; &#x421;&#x43C;&#x443;&#x443;&#x43B;</subfield>
    <subfield code="g">[&#x43F;&#x435;&#x440;&#x435;&#x432;&#x435;&#x43B; &#x441; &#x44D;&#x441;&#x442;&#x43E;&#x43D;&#x441;&#x43A;&#x43E;&#x433;&#x43E; &#x41B;&#x435;&#x43E;&#x43D; &#x422;&#x43E;&#x43E;&#x43C;]</subfield>
  </datafield>
  <datafield tag="210" ind1=" " ind2=" ">
    <subfield code="a">&#x41C;&#x43E;&#x441;&#x43A;&#x432;&#x430;</subfield>
    <subfield code="c">"&#x418;&#x441;&#x43A;&#x443;&#x441;&#x441;&#x442;&#x432;&#x43E;"</subfield>
    <subfield code="d">1968</subfield>
  </datafield>
  <datafield tag="215" ind1=" " ind2=" ">
    <subfield code="a">48 &#x441;., 4 &#x43B;. &#x438;&#x43B;.</subfield>
    <subfield code="d">16</subfield>
  </datafield>
  <datafield tag="225" ind1="1" ind2=" ">
    <subfield code="a">&#x421;&#x435;&#x433;&#x43E;&#x434;&#x43D;&#x44F; &#x43D;&#x430; &#x441;&#x446;&#x435;&#x43D;&#x435;</subfield>
  </datafield>
  <datafield tag="300" ind1=" " ind2=" ">
    <subfield code="a">&#x421;&#x435;&#x440;&#x438;&#x44F; &#x443;&#x43A;&#x430;&#x437;&#x430;&#x43D;&#x430; &#x43D;&#x430; &#x43E;&#x431;&#x43B;&#x43E;&#x436;&#x43A;&#x435;</subfield>
  </datafield>
  <datafield tag="517" ind1="1" ind2=" ">
    <subfield code="a">&#x412;&#x440;&#x430;&#x447;&#x438; &#x43D;&#x438;&#x447;&#x435;&#x433;&#x43E; &#x43D;&#x435; &#x437;&#x43D;&#x430;&#x44E;&#x442;...</subfield>
  </datafield>
  <datafield tag="686" ind1="1" ind2=" ">
    <subfield code="a">&#x429;330(2&#x42D;-7)</subfield>
  </datafield>
  <datafield tag="700" ind1=" " ind2="1">
    <subfield code="a">&#x421;&#x43C;&#x443;&#x443;&#x43B;</subfield>
    <subfield code="b">&#x42E;.</subfield>
    <subfield code="f">1922-1971</subfield>
    <subfield code="g">&#x42E;&#x445;&#x430;&#x43D;</subfield>
    <subfield code="3">RU\NLR\AUTH\7766141</subfield>
    <subfield code="9">49070</subfield>
  </datafield>
  <datafield tag="702" ind1=" " ind2="1">
    <subfield code="a">&#x422;&#x43E;&#x43E;&#x43C;</subfield>
    <subfield code="b">&#x41B;. &#x412;.</subfield>
    <subfield code="f">1921-1969</subfield>
    <subfield code="g">&#x41B;&#x435;&#x43E;&#x43D; &#x412;&#x430;&#x43B;&#x435;&#x43D;&#x442;&#x438;&#x43D;&#x43E;&#x432;&#x438;&#x447;</subfield>
    <subfield code="4">730</subfield>
  </datafield>
  <datafield tag="801" ind1=" " ind2="0">
    <subfield code="a">RU</subfield>
    <subfield code="b">NLR</subfield>
    <subfield code="g">psbo</subfield>
  </datafield>
  <datafield tag="801" ind1=" " ind2="1">
    <subfield code="a">RU</subfield>
    <subfield code="b">ELAR</subfield>
    <subfield code="2">rusmarc</subfield>
  </datafield>
  <datafield tag="852" ind1=" " ind2=" ">
    <subfield code="a">NLR</subfield>
    <subfield code="j">68-2/1021</subfield>
  </datafield>
  <datafield tag="942" ind1=" " ind2=" ">
    <subfield code="c">BOOK</subfield>
  </datafield>
  <datafield tag="980" ind1=" " ind2=" ">
    <subfield code="a">NB</subfield>
  </datafield>
  <datafield tag="995" ind1=" " ind2=" ">
    <subfield code="5">2013-10-26</subfield>
    <subfield code="b">NLR01</subfield>
    <subfield code="c">NLR01</subfield>
    <subfield code="e">RF31</subfield>
    <subfield code="f">8409953-10</subfield>
    <subfield code="k">68-2/1021</subfield>
    <subfield code="o">0</subfield>
    <subfield code="r">BOOK</subfield>
    <subfield code="s">6821021_</subfield>
  </datafield>
</record>
